000
002950000a22000970004500
100
1
_a
Wick, Peter
245
1
0
_a
The sermon on the mount : Authoritative synagogal interpretation of the Torah
300
_a
Vol. 5, Núm 1 (1996), Páginas 9-13
773
0
_t
European Journal of Theology
942
_c
ANA
999
_c
54048
_d
54048